00429cam a2200169 a 45000010009000000050017000090080041000260100017000670400013000840410008000970420008001050800011001131000007001241010008001312450112001395610008002511695774120180130072425.0110912s1841 paua j 000 1 eng  a 2011659801 aDLCcDLC aeng apcc a2 cha a24 ateo00aLiving letters /cwritten for the American Sunday-School Union and revised by the Committee of Publication. 5DLC